Hypotekárny úver - nový produkt komerčných bánk

Znovuzavedenie hypotéky a hypotekárnych úverov na Slovensku. Vysvetlenie pojmov: hypotéka, hypotekárny úver, hypotekárny záložný list, hypotekárny leasing, hypotekárne bankovníctvo, hypotekárny obchod, hypotekárna banka, hypotekárny správca.

Salvato in:
Dettagli Bibliografici
Autore principale: Jánoš, Daniel
Natura: Capitolo di libro
Lingua:slovacco
Soggetti:
Tags: Aggiungi Tag
Nessun Tag, puoi essere il primo ad aggiungerne!!

MARC

LEADER 00000naa a2200000 4500
001 r033640
005 20230919070431.3
041 0 |a slo 
044 |a SK 
245 1 0 |a Hypotekárny úver - nový produkt komerčných bánk  |c Daniel Jánoš 
520 |a Znovuzavedenie hypotéky a hypotekárnych úverov na Slovensku. Vysvetlenie pojmov: hypotéka, hypotekárny úver, hypotekárny záložný list, hypotekárny leasing, hypotekárne bankovníctvo, hypotekárny obchod, hypotekárna banka, hypotekárny správca. 
610 2 0 |a úver hypotekárny 
610 2 0 |a banky obchodné 
610 2 0 |a banky hypotekárne 
610 2 0 |a pojmy 
610 2 0 |a hypotéky 
610 2 0 |a listy záložné 
610 2 0 |a bankovníctvo hypotekárne 
610 2 0 |a Slovensko 
100 1 |a Jánoš, Daniel